| Tag |
First Indicator |
Second Indicator |
Subfields |
| LEADER |
00000cam a2200000 4500 |
| 001 |
in00000022336 |
| 005 |
20151007063943.0 |
| 008 |
730226s1961 nyua 00000 eng u |
| 010 |
|
|
|a 60016634
|
| 035 |
|
|
|a (OCoLC)00564683
|
| 035 |
|
|
|9 AAD8688AM
|
| 040 |
|
|
|c MIA
|d TXA
|d UtOrBLW
|
| 049 |
|
|
|a TXAM
|c [405572]
|
| 050 |
|
0 |
|a T353
|b .C793 1961
|
| 092 |
|
|
|a 744.422
|b C779i, 1961
|
| 100 |
1 |
|
|a Coover, Shriver L.
|
| 245 |
1 |
0 |
|a Industrial arts drawing and blueprint reading.
|
| 250 |
|
|
|a 2d ed.
|
| 264 |
|
1 |
|a New York :
|b McGraw-Hill,
|c [1961]
|
| 300 |
|
|
|a 312 pages :
|b illustrations ;
|c 25 cm.
|
| 336 |
|
|
|a text
|b txt
|2 rdacontent
|
| 337 |
|
|
|a unmediated
|b n
|2 rdamedia
|
| 338 |
|
|
|a volume
|b nc
|2 rdacarrier
|
| 490 |
1 |
|
|a McGraw-Hill publications in industrial arts
|
| 650 |
|
0 |
|a Mechanical drawing.
|
| 650 |
|
0 |
|a Blueprints.
|
| 830 |
|
0 |
|a McGraw-Hill publications in industrial arts.
|
| 999 |
|
|
|a MARS
|
| 999 |
f |
f |
|s 5cc74da6-6d49-3e1f-a3c6-a7fffba50905
|i 85027ce6-27da-3667-9a26-db04f70bf13d
|t 0
|
| 952 |
f |
f |
|p ric
|a Texas A&M University
|b Rellis Campus
|c Joint Library Facility
|d Remote Storage
|t 0
|e T353 .C793 1961
|h Library of Congress classification
|i unmediated -- volume
|m A14801151194
|
| 998 |
f |
f |
|a T353 .C793 1961
|t 0
|l Remote Storage
|